00285nam a2200097Ia 4500008004100000100002000041245004100061245004000102260000900142856003600151160531s9999 xx 000 0 und d aAlmossawi, Ali. 3aAn Illustrated Book of Bad Arguments cby Ali Almossawi, Alejandro Giraldo c2013 uhttps://bookofbadarguments.com/